Svůdný klam Třetí říše fascinující a násilná tvář fašismu

Bibliographic Details
Main Author: Reichel, Peter 1942- (Author)
Other Authors: Boček, Josef, 1975- (Translator)
Format: Book
Language:Czech
German
PhysicalDescription:384 strán, 36 nečíslovanýc strán obrazových príloh faksimile, fotografie, portréty 22 cm
Published: Praha Argo 2004
ISBN:8072036041
Edition:Vydání první
Series:Historické myšlení
Řada totalitarismus a šoa
Subjects:

MARC

LEADER 00000cam a2200000 a 4500
001 vtls008615579
003 SK-MaSNL
005 20260301165349.0
008 050110s2004 xr a grn 001 0 cze
020 |a 8072036041  |c 589.00  |q (viazané) 
035 |a SAVUKc210160 
040 |a SNK  |b slo  |c SNK  |e rda 
041 1 |a cze  |h ger 
044 |a xr  |c CZ 
080 |a 329.15(430)(091)  |2 1981 
080 |a 316.72/.75(430)  |2 1981 
100 1 |a Reichel, Peter  |d 1942-  |4 aut  |9 534012 
240 1 4 |a Der schöne Schein des Dritten Reiches 
245 1 0 |a Svůdný klam Třetí říše  |b fascinující a násilná tvář fašismu  |c Peter Reichel ; [z německého originálu přeložil Josef Boček] 
250 |a Vydání první 
260 |a Praha  |b Argo  |c 2004 
300 |a 384 strán, 36 nečíslovanýc strán obrazových príloh  |b faksimile, fotografie, portréty  |c 22 cm 
336 |a text  |b txt  |2 rdacontent 
337 |a bez média  |b n  |2 rdamedia 
338 |a zväzok  |b nc  |2 rdacarrier 
490 1 |a Historické myšlení  |v Svazek 21 
490 1 |a Řada totalitarismus a šoa  |v Svazek 3 
500 |a Údaj o preklade prevzatý z tiráže 
504 |a Výberová biliografia na strane [362]-374 ; menný register 
650 0 7 |a sociológia kultúry  |2 SNKPH  |9 888 
650 0 7 |a ideológia  |2 SNKPH  |9 114922 
650 0 7 |a fašizmus  |2 SNKPH  |9 4834 
650 0 7 |a Fascism  |2 SNKPHeng  |9 281685 
650 0 7 |a Sociology of culture  |2 SNKPHeng  |9 270370 
650 0 7 |a Ideologies  |2 SNKPHeng  |9 303184 
655 7 |a monografie  |2 SNKPH  |9 70139 
655 7 |a Monographs  |2 SNKPHeng  |9 120675 
700 1 |a Boček, Josef,  |d 1975-  |4 trl  |9 122528 
830 0 |a Historické myšlení  |9 317588 
830 0 |a Řada totalitarismus a šoa  |9 534013 
919 |a 80-7203-604-1 
958 |a OP 
958 |a CZ 
958 |a DE 
958 |a NB 
999 |c 823940  |d 825870 
952 |a SNK  |b SNK  |y VYP  |7 0  |p 17A1448709  |o snkIC 147086  |i snk2021/814  |8 2  |g 11.74  |0 0  |1 0  |4 0  |d 2020-02-20  |l 0  |r 2026-02-24 03:14:55  |w 2026-02-24